000 00424ntaaa2200181 4500
003 01
005 20251027200741.0
008 0714s1973 ag 01
040 _aAR-BaBN
_bspa
_cAR-BaBN
_eaacr
_dRIC
082 _a783.9
100 _as.n.
_92840
245 _aSur les ailes de la foi /
_cs.n.
260 _as.l. :
_bInstitut Biblique
300 _a474 p.
650 _aMusica
650 _aHimnos-Musica
_93795
942 _cBK
999 _c1783
_d1783